000 00839nam a22002417a 4500
003 OSt
005 20251028073213.0
008 251028b |||||||| |||| 00| 0 eng d
020 _a978-1-4129-8844-5 (pbk)
040 _aDWC-Main Lib.
_cOC
082 _aCirc. 649.1 T217p 2011
100 _aTATE, MARCIA L.
245 _aPreparing children for success in school and life :
_b20 ways to increase your child's brain power/
_cMARCIA L. TATE
260 _aCalifornia, USA :
_bCorwin,
_cc2011.
300 _axii, 189 pages :
_bcolor illustrations ;
_c25 cm.
504 _aIndex: pp. 185-189
650 _a1. Child development.
650 _a2. Children--Intelligence levels.
650 _a3. Cognition in children.
650 _a4. Education--Parent participation.
650 _a5. Parenting.
942 _2ddc
_cBK-CIRC
_hCirc.
_n0
999 _c5251
_d5251